Statistiques concernant Classements complet Ballon d'Or depuis 2018

Cliquez ici pour prendre le quiz!

Statistiques générales

  • Ce quiz a été pris 225 fois
  • Le résultat moyen est 78 sur 150

Statistiques - réponses

2023Réponse% Correct
1 | 5Messi
99%
2 | 3 | 6 | 20Ronaldo
98%
3 | 4 | 6 | 9Mbappé
96%
2 | 10 | 11Haaland
95%
1 | 4 | 16 | +2 othersBenzema
93%
1 | 9 | 10 | 29Modric
93%
3 | 18 | 21Griezmann
87%
2 | 4 | 8 | 12Lewandowski
87%
3 | 4 | 8 | +2 othersDe Bruyne
86%
2 | 4 | 22Mané
81%
12 | 16Neymar
80%
5 | 6 | 7 | 11Salah
80%
6 | 8Vinicius
78%
5Rodri
77%
7 | 14Courtois
74%
9 | 22Silva
71%
2 | 16Van Dijk
71%
5 | 11Kanté
70%
15Pogba
64%
7Varane
61%
7 | 25Alisson
59%
10 | 19 | 21 | 23Kane
59%
3Jorginho
56%
19Ramos
56%
18Bellingham
54%
22 | 25Foden
51%
23 | 29Lloris
51%
15Martinez
51%
26 | 30Dias
48%
13 | 17Suarez
48%
7Alvarez
47%
17 | 19Firmino
42%
17Bale
41%
25Kimmich
41%
17Casemiro
40%
10Donnarumma
40%
12Lukaku
39%
8 | 13Hazard
38%
24Pedri
36%
24Saka
35%
10 | 12 | 20Mahrez
34%
28Marquinhos
34%
29Kolo Muani
32%
25Maignan
30%
8Osimhen
30%
25Rudiger
30%
11 | 22Son
30%
22Marcelo
29%
24ter Stegen
29%
11De Jong
27%
26 | 27Barella
26%
26Musiala
26%
19 | 22Alexander-Arnold
25%
14Gundogan
25%
15De Ligt
24%
14Leao
24%
22Cavani
23%
16Aguero
22%
12 | 15Sterling
22%
13Bounou
21%
28Odegaard
21%
14Bonucci
20%
13Chiellini
20%
21Fernandes
20%
15Fabinho
19%
23Onana
19%
20Aubameyang
17%
25Cancelo
17%
25Nkunku
17%
25Oblak
17%
25Mandzukic
16%
19Rakitic
16%
26Wijnaldum
14%
19Diaz
13%
28Felix
13%
19Mount
13%
29Isco
11%
17Kvaratskhelia
11%
25Nunez
11%
20Tadic
10%
25Gvardiol
9%
29Azpilicueta
8%
28Godin
8%
18Vlahovic
8%
28Van de Beek
7%
13Haller
6%
18Kjaer
5%
24Koulibaly
5%
20 | 21Lautaro Martinez
4%
22Min-Jae
3%
26Moreno
2%

Distribution des résultats

Percentile par nombre de réponses

% des personnes avec chaque résultat

Votre développement - résultats

Vous n’avez pas pris ce quiz